| 000 | 00502nam a2200181Ia 4500 | ||
|---|---|---|---|
| 003 | LK-CoDNM | ||
| 008 | 010623t2009 xxu||||| |||| 00| 1 sin d | ||
| 040 |
_aLK-CoDNM _dLK-CoDNM _eLK-CoDNM |
||
| 041 | _asin | ||
| 080 |
_a33 _bWIJ |
||
| 100 |
_aPerera,Anil _etr. |
||
| 245 | _aපොඩිහිටියන්ට ආර්ථික නුවණ | ||
| 246 | _aPodihitiyanta Arthika Nuwana | ||
| 260 |
_bSanhida _aNugegoda _c2009 |
||
| 300 | _b229, 21 cm | ||
| 700 | _aWijewardhana,W.A | ||
| 942 | _cBK | ||
| 999 |
_c128880 _d128880 |
||